000 01144nam a2200229Ia 4500
999 _c36513
_d36513
001 2431
003 GE_BSU
005 20210216140618.0
008 181216s||||||||xx |||||||||||||| ||und||
020 _a999280923X
040 _cGE_BSU
041 _ageo
080 _a327 ს–15
245 _aსაერთაშორისო ურთიერთობების თეორია :
_bქრესტომათია
_c[შემდგ.-რედ. და გამომც.: თორნიკე თურმანიძე და სხვ. ; მთარგმნ.: ერეკლე ურუშაძე და სხვ. ; სამოქ. ინიციატივების ინ-ტი].
264 _aთბილისი,
_c2004.
300 _a495 გვ.;
_b22 სმ.
504 _a ბიბლიოგრ. ტექსტ. შენიშვნ.
653 _aსაერთაშორისო ურთიერთობები
653 _aსამართალი
700 _aთურმანიძე, თორნიკე
_eშემდგენელი
_91935
942 _cBK
_2udc